Intelligence militer / (Record no. 62061)

MARC details
000 -LEADER
fixed length control field 00656cam a22002411a 4500
001 - CONTROL NUMBER
control field sa 65001455
003 - CONTROL NUMBER IDENTIFIER
control field DLC
005 - DATE AND TIME OF LATEST TRANSACTION
control field 20260227112109.0
008 - FIXED-LENGTH DATA ELEMENTS--GENERAL INFORMATION
fixed length control field 840926s1961 io ac 000 0 ind
010 ## - LIBRARY OF CONGRESS CONTROL NUMBER
LC control number sa 65001455
035 ## - SYSTEM CONTROL NUMBER
System control number (OCoLC)11199429
040 ## - CATALOGING SOURCE
Original cataloging agency DLC
Transcribing agency OAU
Modifying agency MiU
-- DLC
042 ## - AUTHENTICATION CODE
Authentication code premarc
043 ## - GEOGRAPHIC AREA CODE
Geographic area code a-io---
050 00 - LIBRARY OF CONGRESS CALL NUMBER
Classification number UB250
Item number .T48
100 1# - MAIN ENTRY--PERSONAL NAME
Personal name Thanos, F. E.
245 10 - TITLE STATEMENT
Title Intelligence militer /
Statement of responsibility, etc. oleh F.E. Thanos & Juono.
260 ## - PUBLICATION, DISTRIBUTION, ETC.
Place of publication, distribution, etc. Bandung :
Name of publisher, distributor, etc. Djambatan,
Date of publication, distribution, etc. 1961.
300 ## - PHYSICAL DESCRIPTION
Extent xiv, 161 p. :
Other physical details ill., port. ;
Dimensions 20 cm.
650 #0 - SUBJECT ADDED ENTRY--TOPICAL TERM
Topical term or geographic name entry element Military intelligence
Geographic subdivision Indonesia.
650 #0 - SUBJECT ADDED ENTRY--TOPICAL TERM
Topical term or geographic name entry element Military intelligence.
700 0# - ADDED ENTRY--PERSONAL NAME
Personal name Juono.

No items available.

Powered by Koha